000 00996nam2a22002291 4500
001 rc\4075768
005 20250611081821.0
035 _a(NLR Aleph) 008122682
090 _a9373690
_c9373690
100 _a20130415d1949 |||y0rusy50 ca
101 0 _arus
102 _aRU
105 _aa z |||||
200 0 _aЧ. 1
_eДля 6 класса
210 _aМосква
_cУчпедгиз
_d1949
_gОбразцовая тип. им. Жданова
215 _a136 с.
_cил.
461 0 _1001rc\4075767
_12001#$aФизика$eУчебник для семилет. и сред. школы$eЧ. 1-2$vЧ. 1
_1700#1$aПерышкин$bА.В.$f1902-1983$gАлександр Васильевич
_99373687
_aПерышкин, А.В. (1902-1983)
_cМосква
_d1949
_nУчпедгиз
_oУчебник для семилет. и сред. школы : Ч. 1-2
_p2 т.
_tФизика
_vЧ. 1
801 0 _aRU
_bNLR
_gpsbo
801 1 _aRU
_bELAR
_2rusmarc
852 _aNLR
_jФз02 Г-3/165
942 _cBOOK
980 _aNB